| 000 -ლიდერი |
| ფიქსირებული სიგრძის საკონტროლო ველი |
01231nam a22002057a 4500 |
| 003 - საკონტროლო ნომრის იდენტიფიკატორი |
| საკონტროლო ველი |
Ge_BSU |
| 005 - ბოლო ოპერაციის თარიღი და დრო |
| საკონტროლო ველი |
20241029113306.0 |
| 008 - ფიქსირებული სიგრძის მონაცემთა ელემენტები - ზოგადი ინფორმაცია |
| ფიქსირებული სიგრძის საკონტროლო ველი |
241029s1938 ge ||||| |||| 00| 0 geo d |
| 041 ## - ენის კოდი |
| Language code of text/sound track or separate title |
geo |
| 080 ## - უნივერსალური ათობითი კლასიფიკაციის ინდექსი |
| Universal Decimal Classification number |
615(075.8) ს-59 |
| 100 ## - მთავარი ჩანაწერი - პიროვნების სახელი |
| Personal name |
სკვორცოვი, ვ.ი. |
| 9 (RLIN) |
23539 |
| 245 ## - ცნობა სათაურის შესახებ |
| Title |
ფარმაკოლოგიის კურსი. |
| Remainder of title |
წ. 1 / |
| Statement of responsibility, etc |
ვ.ი. სკვორცოვი ; მთარგმნ. და წინასიტყვ. ავტ. გ. ა. ცქიმანაური. |
| 250 ## - გამოცემის ცნობა |
| Edition statement |
მე-6 შევსებული და შესწორებული გამოცემა. |
| 264 ## - წარმოების, გამოცემის, დისტრიბუციის და სხვა ცნობები |
| გამოცემის, წარმოების, დისტრიბუციის... ადგილი |
თბილისი : |
| გამოცემის, წარმოების, დისტრიბუციის... სახელწოდება |
საქბიომედგამომცემლობა და სტ., |
| გამოცემის, წარმოების, დისტრიბუციის... თარიღი |
1938. |
| 300 ## - ფიზიკური აღწერა |
| Extent |
640 გვ. : |
| Other physical details |
ილ., 2 ჩ. ფურც. |
| Dimensions |
22 სმ. |
| 653 ## - INDEX TERM--UNCONTROLLED |
| Uncontrolled term |
ფარმაკოლოგიის სახელმძღვანელოები უმაღლესი სასწავლებლებისათვის. |
| 653 ## - INDEX TERM--UNCONTROLLED |
| Uncontrolled term |
მედიცინა |
| 700 ## - ADDED ENTRY--PERSONAL NAME |
| Personal name |
ცქიმანაური, გ.ა. |
| Relator term |
მთარგმნ. და წინასიტყვ. ავტორი |
| 9 (RLIN) |
23540 |
| 942 ## - ADDED ENTRY ELEMENTS (KOHA) |
| Source of classification or shelving scheme |
|
| Koha item type |
წიგნი |